| 000 | 02012cam a2200505 a 4500 | ||
|---|---|---|---|
| 001 | 20716 | ||
| 003 | VRT | ||
| 005 | 20260130140605.0 | ||
| 008 | 240226s1986 xo a gr 010 f slo | ||
| 015 | _aSNBA1986 | ||
| 020 | _q(viazané) | ||
| 035 | _aSNK000026644 | ||
| 039 | 9 |
_a202402261547 _bVLOAD _c202208041230 _dmsnk160 _c202208041220 _dmsnk160 _c202208041219 _dmsnk160 |
|
| 040 |
_aSNK _bslo _cSNK _eAACR2 |
||
| 041 | 1 |
_aslo _heng |
|
| 044 |
_axo _cSK |
||
| 072 | 7 |
_a821.111-3 _xAnglická próza, anglicky písaná _2konspekt |
|
| 080 |
_a821.111-31 _22011 |
||
| 080 |
_a(0:82-312.4) _22011 |
||
| 100 | 1 |
_aDexter, Colin, _d1930-2017 _4aut |
|
| 245 | 1 | 0 |
_aVražda v kostole. Naposledy mala oblečené _cColin Dexter ; [z anglických originálov Service of all the dead, Last seen wearing ... preložila Katarína Karovičová ; väzba a ilustrácie Svetozár Mydlo] |
| 250 | _a1. vyd. | ||
| 260 |
_aBratislava _bSlovenský spisovateľ _c1986 |
||
| 300 |
_a421 strán, [1] nečíslovaná strana obrazovej prílohy _bilustrácie _c21 cm |
||
| 366 | _e80000 kusov | ||
| 490 | 1 | _aZelená knižnica | |
| 500 | _aRozložený ilustrovaný titulný list. Poznámky pod čiarou | ||
| 500 | _aObsahuje 2 romány | ||
| 655 | 7 |
_aanglické romány _2SNKPH |
|
| 655 | 7 |
_adetektívne romány _2SNKPH |
|
| 700 | 1 |
_aKarovičová, Katarína, _d1951- _4trl |
|
| 700 | 1 | 2 |
_aDexter, Colin, _d1930-2017 _tService of all the dead _lSlovensky |
| 700 | 1 | 2 |
_aDexter, Colin, _d1930-2017 _tLast seen wearing _lSlovensky |
| 700 | 1 |
_aMydlo, Svetozár, _d1948-2014 _4bdd _4ill |
|
| 740 | 0 | 2 | _aNaposledy mala oblečené |
| 830 | 0 | _aZelená knižnica | |
| 910 | _asnk | ||
| 942 |
_2ddc _cKLDO _n0 |
||
| 949 |
_6270001000163502 _asvkbbA 52513 _bsvkbbm 481193 _p481.193 |
||
| 949 |
_6273K0072355 _asvkpoA 137329 _bsvkpo329362 |
||
| 949 |
_617A0919107 _asnkSC 67767 _bsnkKSP 216/87 _s6100:20220919 |
||
| 949 |
_617A0195462 _asnkSC 67767 D1 |
||
| 949 |
_64710700466 _astrmkB _bstrmk2008/466 |
||
| 949 |
_63869A09591 _abpksh820-31 _bbpksh42724 |
||
| 999 |
_c20716 _d20716 |
||